000 00638cab a22001935a 4500
001 L154427
008 111130e20111119xxk 000 0 eng d
035 _a(Sirsi) u154427
041 0 _aeng
100 1 _aWitt, Jonathan
245 0 1 _a"Caveat Emptor" - all beware
260 _c2011
490 _aEstates Gazette
_v(1146) 19 November 2011, 100-101(2)
520 _aProvides guidance and the issues to be wary of when buying a property and warns of the consequences of failing to carry out due diligence.
590 _aKA
651 4 _aEngland and Wales
_y1543-
690 _aPROPERTY-PROPERTY ACQUISITION AND DISPOSAL
942 _n0
999 _c83612
_d83612